Clinical Atlas of Human Anathomy/ (Record no. 189251)
[ view plain ]
| 000 -LEADER | |
|---|---|
| fixed length control field | 00532nam a22001937a 4500 |
| 005 - DATE AND TIME OF LATEST TRANSACTION | |
| control field | 20220623101137.0 |
| 010 ## - LCCN (DPL NO) | |
| LC control number | vivek |
| 020 ## - INTERNATIONAL STANDARD BOOK NUMBER | |
| International Standard Book Number | 9780723436973 |
| Terms of availability | 1750.00 |
| 037 ## - SOURCE OF ACQUISITION | |
| Stock number | Elsevier Mosby |
| 100 ## - MAIN ENTRY--PERSONAL NAME | |
| Personal name | Peter H. Abrahams |
| 245 ## - TITLE STATEMENT | |
| Title | Clinical Atlas of Human Anathomy/ |
| Statement of responsibility, etc | Peter H. Abrahams |
| 260 ## - PUBLICATION, DISTRIBUTION, ETC. (IMPRINT) | |
| Place of publication, distribution, etc | China |
| Name of publisher, distributor, etc | Elsevier Mosby |
| 300 ## - PHYSICAL DESCRIPTION | |
| Extent | x,387p. |
| Other physical details | ill. |
| Dimensions | 27.5cm(Pb). |
| 500 ## - GENERAL NOTE | |
| General note | index |
| 700 ## - ADDED ENTRY--PERSONAL NAME | |
| Personal name | Jonathan D. Spratt |
| 700 ## - ADDED ENTRY--PERSONAL NAME | |
| Personal name | Marios Loukas |
| 700 ## - ADDED ENTRY--PERSONAL NAME | |
| Personal name | Albert N. Van Schoor |
| 942 ## - ADDED ENTRY ELEMENTS (KOHA) | |
| Source of classification or shelving scheme | Dewey Decimal Classification |
| Item type | English Books |
| Edition | Seventh Edition |
| Call number prefix | ABR |
No items available.
